Score 0/25 Timer 06:00
38 Plays Today
% Correct
Naruto (Kakashi Hatake)
98.2%
Pokémon (Ash Ketchum)
95.4%
Dragonball Z (Goku)
95.1%
One Piece (Monkey D. Luffy)
95%
Death Note (L)
93.6%
Attack on Titan (Eren Jaeger)
93.4%
Bleach (Ichigo Kurosaki)
93%
Sailor Moon (Usagi Tsukino)
92.7%
Fullmetal Alchemist (Edward Elric)
92.6%
Fairy Tail (Natsu)
87.3%
Digimon (Greymon)
86.3%
Hunter x Hunter (Gon Freecss)
83.8%
Code Geass (Lelouch Lamperouge)
81.4%
% Correct
Cowboy Bebop (Spike Spiegel)
79.8%
Soul Eater (Black Star)
78.7%
Inuyasha (Kagome Higurashi)
72.5%
Ouran High School Host Club (Haruhi Fujioka)
69%
Trigun (Vash the Stampede)
63%
Yu Yu Hakusho (Yusuke Urameshi)
55.5%
Elfen Lied (Nyu/Lucy)
51%
Eureka 7 (Renton Thurston)
33.4%
Full Metal Panic! (Sousuke Sagara)
24%
FLCL (Naota Nandaba)
23.2%
Kaze no Stigma (Ayano)
14.3%
Okamisan and her Seven Companions (Ryoko)
6.9%
Remove Ads.
Support Sporcle.
Get the best of Sporcle when you Go Orange. This ad-free experience offers more features, more stats, and more fun while also helping to support Sporcle. Thank you for becoming a member.

You're not logged in!

Compare scores with friends on all Sporcle quizzes.
OR
Log In

Sporcle TV

Today on Sporcle TV


Watch our educational content, quiz creation guides, and fun videos on Sporcle TV.

Show Comments

Extras

Top Quizzes Today


Score Distribution

Paid Content

Your Account Isn't Verified!

In order to create a playlist on Sporcle, you need to verify the email address you used during registration. Go to your Sporcle Settings to finish the process.

Report this User

Report this user for behavior that violates our Community Guidelines.

Details: